000 00199nam a22000977a 4500
082 _a823
_bPRE/F
100 _aPERCIA, MANAROSE
245 _aTHE FOOLISH RABBIT
650 _aENGLISH FICTION
942 _cBK
999 _c9028
_d9028